Pogoda i klimat - quiz wielokrotnego wyboru - Statystyki

Ogólne statystyki
  • Ten quiz został rozwiązany 83 razy
  • Średni wynik to 8 z 16
Statystyki odpowiedzi
Zagadnienie Odpowiedź % Poprawnych
Jak nazywają się cyklony tropikalne w Azji Wschodniej? Tajfuny
89%
Czy fale pływowe i tsunami to to samo? Nie
84%
Prawda czy fałsz: gorące powietrze może pomieścić więcej wilgoci niż zimne. Prawda
75%
Która nie jest warstwą atmosfery? Litosfera
68%
W którym z tych państw występuje najwięcej średnich opadów? Indonezja
65%
Które z tych państw ma najniższą średnią temperaturę? Mongolia
63%
Co mierzy udoskonalona skala Fujita? Tornada
58%
W jakim kierunku zazwyczaj wieją strumienie strumieniowe? Z zachodu na wschód
58%
Czy ciśnienie atmosferyczne wewnątrz burzy tropikalnej jest wyższe czy niższe niż normalnie? Niższe
56%
Jak określa się rodzaje nazw huraganów? Przy każdej burzy
51%
Ile boków ma płatek śniegu? 6
47%
Prawda czy fałsz: w Honolulu temperatura nigdy nie przekroczyła 38°C. Prawda
37%
O ile poziom mórz podniósł się od 1900 roku? 0.2 metra
28%
Którego rodzaju chmur jest najwięcej w atmosferze? Cirrus
14%
Co powoduje przejaśnienie? Śnieg
14%
W którym regionie Ziemi nastąpił największy wzrost temperatur od 1900 roku? W którym regionie Ziemi nastąpił największy wzrost temperatur od 1900 roku?
5%
Nie znaleziono quizów pasujących do podanych kryteriów
Rozkład punktacji
Procent ludzi z każdym wynikiem
Percentyl według liczby udzielonych odpowiedzi
Twoja historia wyników
Nie rozwiązałeś tego quizu